00650nam a2200193Ia 4500008004100000020001400041082001500055100003300070245003300103250000700136260004200143300003100185500001900216600002100235650005000256942000700306952012800313999001500441240925s9999 xx 000 0 und d a201544008 a005.44 BEL aBell, David ; Jane Grimson - 0aDistributed Database Systems aNA aSingapore:bPearson educationc,1992. axxvii,776p.bNAfPhotocopy aIncludes Index aComputer Science aComputer science, information & general works cBK 001040708CSaUITUbUITUd2003-03-14eFair Book Centerg550.00l0o005.44 BELpQ4826r2024-09-25 07:13:38w2024-09-25yBK c7325d7325